header

Professional iPhone and iPad application development (Record no. 221951)

MARC details
000 -LEADER
fixed length control field 01172nam a2200313 a 4500
100 1# - MAIN ENTRY--AUTHOR NAME
Personal name Backlin, Gene.
245 10 - TITLE STATEMENT
Title Professional iPhone and iPad application development
260 ## - PUBLICATION, DISTRIBUTION, ETC. (IMPRINT)
Place of publication Indianapolis, Ind. :
Name of publisher Wiley Pub., Inc.,
Year of publication 2011.
300 ## - PHYSICAL DESCRIPTION
Number of Pages xxvi, 573 p. :
Other physical details ill.
490 0# - SERIES STATEMENT
Series statement Wrox programmer to programmer
500 ## - GENERAL NOTE
General note Includes index.
650 #0 - SUBJECT ADDED ENTRY--TOPICAL TERM
Topical Term iPhone (Smartphone)
Topical Term iPad (Computer)
856 40 - ELECTRONIC LOCATION AND ACCESS
Uniform Resource Identifier http://site.ebrary.com/lib/rucke/Doc?id=10469871

No items available.

© 2026 Rongo University
Contact us: librarian | system librarian | Rongo university